000 00427nam a2200145 a 4500
001 000033343
005 20200930070206.0
008 110825s1905 dr 000 0 spa d
040 _aDO-SdBNP
_bspa
_cBNPHU
082 _axxx
_bF726c
245 0 0 _aFormulario del código de procedimiento crimal.
260 _aSanto Domingo :
_bFlor del Ozama,
_c1905.
300 _a36 p. ;
_c19 p.
500 _aIncluye notas al pie de las páginas
999 _c32834
_d32834